| 000 | 01010nam a2200217 a 4500 | ||
|---|---|---|---|
| 003 | OSt | ||
| 005 | 20201002060813.0 | ||
| 008 | 181003s2007 000 spa d | ||
| 020 | _a9789589806746 | ||
| 040 |
_aDO-SdBNP _bspa _cBNPHU |
||
| 110 | 1 |
_aColombia. _bMinisterio de la Proteccion Social. _976610 |
|
| 245 | 0 |
_aGuía de atención integral de salud ocupacional basada en la evidencia para desórdenes músculo esqueléticos (DME) relacionados con movimientos repetitivos de miembros superiores (síndrome de túnel carpiano, epicondilitis y enfermedad de De Quervain) _cpresentación Ana María Cabrera Videla. |
|
| 260 |
_aBogotá : _bPontificia Universidad Javeriana, _c2007. |
||
| 300 |
_a119 p. _bil. _c27 cm. |
||
| 490 | 1 |
_aGuia de Atencion Integral de Salud Ocupacional _v4 |
|
| 504 | _aBibliografía : 103-108 | ||
| 700 | 1 |
_aCabrera Videla, Ana María, _epresentación _976609 |
|
| 830 | 0 |
_aGuia de Atencion Integral de Salud Ocupacional ; 4 _976619 |
|
| 942 |
_2ddc _cLF1 |
||
| 956 | _aLOPEREZ | ||
| 999 |
_c47394 _d47394 |
||